000 00706nam a2200289Ia 4500
005 20260324122512.0
008 008 260324s9999 xx 000 0 eng d
020 _a9780203797471
037 _aEBOOK
040 _aCRL
040 _beng
040 _cCRL
041 _2eng
041 _aeng
084 _qCRL
100 _aMark Gibney; Wouter Vandenhole
_91166689
245 0 _aLitigating Transnational Human Rights Obligations
245 0 _bAlternative Judgments
260 _bTaylor and Francis
260 _c2013
365 _a
365 _b255
856 _uhttp://www.taylorfrancis.com/books/9780203797471
942 _cEBOOK
999 _c1759500
_d1759500